[Event "Reykjavik Open 2024"]
[Site "Reykjavik ISL"]
[Date "2024.03.17"]
[Round "4.123"]
[White "Vollmar, Timo"]
[Black "Van Veenendaal, Elmer"]
[Result "0-1"]
[WhiteElo "1809"]
[BlackElo "2027"]
[WhiteFideId "16253582"]
[BlackFideId "1026801"]
[EventDate "2024.03.15"]

1. e4 d6 2. d4 g6 3. Nc3 Bg7 4. Be3 a6 5. Qd2 b5 6. O-O-O Bb7 7. f3 Nd7 8. h4 h6
9. Nh3 e6 10. Nf4 Ne7 11. g4 c5 12. dxc5 dxc5 13. Bh3 Nc6 14. g5 Nd4 15. gxh6
Bxh6 16. Nd3 Bg7 17. Nxc5 Nxc5 18. Bxd4 Bxd4 19. Qxd4 Qxd4 20. Rxd4 Rxh4 21. b4
Na4 22. Nxa4 bxa4 23. Rdd1 Rc8 24. Kb2 Rc4 25. a3 Ke7 26. Rd3 Rc8 27. Rdd1 Bc6
28. Bg2 Rxh1 29. Rxh1 Bb5 30. Re1 Rh8 31. Kc1 Rh2 32. Bh1 e5 33. Kd1 Kf6 34. Kc1
Ke7 35. Rg1 Kf6 36. Bg2 Ke6 37. Bf1 Rf2 38. Bh3+ Ke7 39. Bg4 Bf1 40. Rh1 Bg2 41.
Rh8 Bxf3 42. Bxf3 Rxf3 43. Ra8 Rf6 44. Kd2 g5 45. Ke3 g4 46. Rg8 Rf3+ 47. Ke2
Rc3 48. Kd2 Rg3 49. Ke2 Rg2+ 50. Kd1 Rg1+ 51. Kd2 g3 52. Ke2 Kd7 53. Kf3 Ra1 54.
Ra8 Rxa3+ 55. Kg2 Rc3 56. Rxa6 a3 57. b5 Kc7 58. Rf6 Kb7 59. Ra6 Kc7 60. Rf6
Rxc2+ 61. Kxg3 a2 62. Rxf7+ Kb6 63. Rf1 Kxb5 64. Kg4 Kb4 65. Ra1 Kb3 66. Kf5 Rc5
67. Rh1 Kb2 68. Rh2+ Kb1 0-1

[Event "Reykjavik Open 2024"]
[Site "Reykjavik ISL"]
[Date "2024.03.17"]
[Round "4.124"]
[White "Pollack, Oscar"]
[Black "Kononova, Alina"]
[Result "1/2-1/2"]
[WhiteElo "2092"]
[BlackElo "1807"]
[WhiteFideId "429414"]
[BlackFideId "14137593"]
[EventDate "2024.03.15"]

1. e4 e5 2. Nf3 Nc6 3. Bb5 Nf6 4. d3 d6 5. c3 Be7 6. Nbd2 O-O 7. Nf1 Re8 8. Ne3
a6 9. Ba4 b5 10. Bb3 Na5 11. Bc2 Bf8 12. b4 Nb7 13. a4 Bd7 14. O-O h6 15. Re1 c5
16. Bb2 Bc6 17. Bb3 bxa4 18. Bxa4 Bxa4 19. Qxa4 Qb6 20. Reb1 Qb5 21. Qd1 cxb4
22. cxb4 Rec8 23. Nc4 Nd8 24. Na3 Qb7 25. Qe1 Ne6 26. Bc1 Rc6 27. Nc4 Rc7 28. h3
d5 29. exd5 Nxd5 30. Qxe5 Nxb4 31. Qa5 Qd5 32. Qa4 Qxd3 33. Nb6 Rb8 34. Be3 Nc2
35. Ne1 Nxe1 36. Rxe1 Nc5 37. Qa5 Nb3 38. Qxa6 Qxa6 39. Rxa6 Nc5 40. Bxc5 Bxc5
41. Nd5 Rd7 42. Nc3 Rb2 43. Ne4 Re7 44. Raa1 Bb4 45. Re3 f5 46. Ng3 f4 47. Ra8+
Kf7 48. Rxe7+ Bxe7 49. Ne4 Re2 50. f3 Re1+ 51. Kh2 Rc1 52. Ra7 Ke6 53. Ra6+ Kf7
54. Ra5 Bd8 55. Rb5 Bf6 56. Rb7+ Ke6 57. Rb6+ Kf5 58. Nxf6 gxf6 59. Rb8 h5 60.
Rb2 h4 61. Rb8 Kg5 62. Rg8+ Kh5 63. Rg4 Rc4 64. Kg1 f5 65. Rg8 Rc2 66. Kf1 Rb2
67. Re8 Ra2 68. Re2 Ra1+ 69. Kf2 Kg5 70. Rb2 Rc1 71. Ke2 Rc3 72. Kd2 Re3 73. Rb8
Ra3 74. Kc2 Re3 75. Rd8 Ra3 76. Kb2 Re3 77. Rh8 Rd3 78. Rc8 Re3 79. Rd8 Kh5 80.
Rd2 Kg5 81. Kc2 Ra3 82. Kd1 Ra1+ 83. Ke2 Ra3 84. Rd8 Rb3 85. Rf8 Ra3 86. Rg8+
Kh5 87. Kd2 Rb3 88. Rc8 Kg5 89. Kc1 Re3 90. Kc2 Ra3 91. Kd2 Rb3 92. Rc3 Rb2+ 93.
Rc2 Rb3 94. Ra2 Kh5 95. Kc2 Re3 96. Ra8 Kg5 97. Rh8 Ra3 98. Kd2 Rb3 99. Ra8 Kh5
100. Ra2 Kg5 1/2-1/2

[Event "Reykjavik Open 2024"]
[Site "Reykjavik ISL"]
[Date "2024.03.17"]
[Round "4.125"]
[White "Schliebener, Stephan"]
[Black "Briem, Gudrun Fanney"]
[Result "1-0"]
[WhiteElo "2088"]
[BlackElo "1806"]
[WhiteFideId "4621662"]
[BlackFideId "2317486"]
[EventDate "2024.03.15"]

1. Nf3 d5 2. c4 e6 3. g3 Nf6 4. Bg2 Nbd7 5. b3 Bd6 6. Bb2 O-O 7. O-O b6 8. d3
Bb7 9. cxd5 exd5 10. Nc3 a6 11. Qc2 Re8 12. Rfe1 c5 13. e4 d4 14. Ne2 Rc8 15. h3
b5 16. Nd2 Nb6 17. Rac1 Bf8 18. Qb1 g6 19. Kh2 a5 20. a3 Ba6 21. Bf1 Nfd7 22.
Ng1 Bh6 23. Rcd1 Nf8 24. f4 Ne6 25. Ndf3 Bg7 26. Ne2 Qc7 27. Rc1 Qb7 28. Bg2
Red8 29. Qa1 Qd7 30. Red1 Bb7 31. Rd2 Nf8 32. b4 axb4 33. axb4 Na4 34. bxc5 Nxc5
35. Qa3 Na4 36. Rxc8 Rxc8 37. Bxd4 Bxd4 38. Nfxd4 Ne6 39. Nxe6 Qxe6 40. Qb4 Qd7
41. Nd4 Ba6 42. Nb3 Qd8 43. d4 h5 44. h4 Rc4 45. Qa5 Qc8 46. Bh3 f5 47. d5 Bb7
48. exf5 gxf5 49. Nd4 Bxd5 50. Nxf5 Rc1 51. Rxd5 Kh8 1-0

[Event "Reykjavik Open 2024"]
[Site "Reykjavik ISL"]
[Date "2024.03.17"]
[Round "4.126"]
[White "Schroer, Marcel"]
[Black "Field, Rowan Soraya"]
[Result "1-0"]
[WhiteElo "2073"]
[BlackElo "1806"]
[WhiteFideId "1012908"]
[BlackFideId "30941326"]
[EventDate "2024.03.15"]

1. d4 Nf6 2. c4 g6 3. Nc3 d5 4. Nf3 Bg7 5. Qb3 dxc4 6. Qxc4 O-O 7. e4 b6 8. e5
Be6 9. exf6 Bxc4 10. fxg7 Kxg7 11. Bxc4 c6 12. O-O Nd7 13. Re1 Nf6 14. Bg5 h6
15. Bf4 Nd5 16. Nxd5 cxd5 17. Ba6 Qd7 18. a4 Qf5 19. Bg3 e6 20. Rac1 Kh7 21. Ne5
Qg5 22. Rc7 Qd2 23. Rec1 Kg7 24. Nd7 Rfd8 25. Be5+ Kg8 26. Nf6+ Kf8 27. g3 Qxb2
28. R1c3 Qa1+ 29. Kg2 g5 30. Rf3 Kg7 31. Ng4+ Kg6 32. Rf6+ Kh5 33. Rxh6+ Kxg4
34. f3+ Kf5 35. Rf6# 1-0

[Event "Reykjavik Open 2024"]
[Site "Reykjavik ISL"]
[Date "2024.03.17"]
[Round "4.127"]
[White "Wehding, Anton Bonsvig"]
[Black "Cooper, Malcolm H"]
[Result "1-0"]
[WhiteElo "2056"]
[BlackElo "1804"]
[WhiteFideId "1463217"]
[BlackFideId "469580"]
[EventDate "2024.03.15"]

1. c4 e5 2. g3 d5 3. cxd5 Qxd5 4. Nf3 Nc6 5. Nc3 Qd8 6. Bg2 Nf6 7. O-O Be7 8. b3
O-O 9. Bb2 Bf5 10. d3 a6 11. Rc1 Qd6 12. Na4 Nd7 13. Nd2 Rab8 14. Ne4 Qe6 15.
Nec5 Nxc5 16. Nxc5 Bxc5 17. Rxc5 e4 18. d4 Rbd8 19. d5 Qd7 20. Qa1 Ne7 21. Bxg7
Nxd5 22. Bxf8 Rxf8 23. Qe5 c6 24. Bxe4 Bxe4 25. Qxe4 Re8 26. Qd3 Qe7 27. Rfc1
Qxe2 28. Qxe2 Rxe2 29. R5c2 Re6 30. Kf1 Re7 31. Re1 Rd7 32. Rce2 Kg7 33. Rd2 Kf6
34. Re8 Kg7 35. Rd4 f5 36. g4 Kf7 37. Re5 f4 38. Kg2 Kf6 39. Rf5+ Ke6 40. Kf3
Rg7 41. h4 h6 42. Re4+ Kd6 43. Rh5 Rg6 44. g5 hxg5 45. hxg5 Rg7 46. Rh6+ Kc7 47.
g6 Kb6 48. Rxf4 Nxf4 49. Kxf4 Kc7 50. Rh7 1-0

[Event "Reykjavik Open 2024"]
[Site "Reykjavik ISL"]
[Date "2024.03.17"]
[Round "4.128"]
[White "Zarriess, Benjamin"]
[Black "Dietzsch, Herbert"]
[Result "0-1"]
[WhiteElo "1798"]
[BlackElo "1998"]
[WhiteFideId "34606645"]
[BlackFideId "4608364"]
[EventDate "2024.03.15"]

1. e4 c5 2. Nf3 Nc6 3. Bb5 Qb6 4. Nc3 e6 5. Bxc6 dxc6 6. d3 Nf6 7. O-O Qc7 8. b3
e5 9. h3 Bd6 10. Be3 h6 11. a4 Be6 12. a5 O-O 13. Qd2 Qe7 14. Na4 Nd7 15. Qc3 f5
16. exf5 Rxf5 17. Nd2 b5 18. axb6 axb6 19. Ne4 Rc8 20. Nb2 Nf6 21. Nc4 Nd5 22.
Qd2 Bc7 23. Ra7 Rd8 24. Rfa1 Qh4 25. Ng3 Rf7 26. Ra8 Rxa8 27. Rxa8+ Kh7 28. Ne4
Nf4 29. Bxf4 exf4 30. Ncd6 Rd7 31. Nc4 f3 32. Qe3 fxg2 33. Ng5+ Qxg5 34. Qxe6
Bh2+ 35. Kxh2 g1=Q# 0-1

[Event "Reykjavik Open 2024"]
[Site "Reykjavik ISL"]
[Date "2024.03.17"]
[Round "4.129"]
[White "Kaergaard, Sissel"]
[Black "Larson, Gerald"]
[Result "0-1"]
[WhiteElo "1795"]
[BlackElo "1987"]
[WhiteFideId "1434195"]
[BlackFideId "2018756"]
[EventDate "2024.03.15"]

1. d4 Nf6 2. Bf4 d5 3. e3 e6 4. Nd2 c5 5. c3 Nc6 6. Ngf3 cxd4 7. exd4 Bd6 8. Ne5
Qc7 9. Bb5 Bd7 10. Bxc6 Bxc6 11. Bg3 O-O 12. O-O b5 13. Nxc6 Qxc6 14. Bxd6 Qxd6
15. a3 a5 16. Nb3 b4 17. Nc5 bxc3 18. bxc3 Nd7 19. Nxd7 Qxd7 20. Rb1 Rfc8 21.
Qd3 Rc4 22. Qg3 Rac8 23. Rfc1 h6 24. h3 Qc6 25. Rb8 Kh7 26. Rxc8 Qxc8 27. Qd3+
g6 28. Qf3 Qc7 29. h4 Rxd4 30. Qf6 Rd2 0-1

[Event "Reykjavik Open 2024"]
[Site "Reykjavik ISL"]
[Date "2024.03.17"]
[Round "4.130"]
[White "Alic, Miran"]
[Black "Visser, Wouter"]
[Result "1-0"]
[WhiteElo "2033"]
[BlackElo "1789"]
[WhiteFideId "24605425"]
[BlackFideId "1082566"]
[EventDate "2024.03.15"]

1. d4 Nf6 2. Nf3 e6 3. g3 c5 4. Bg2 d5 5. O-O Nc6 6. c4 Be7 7. cxd5 Nxd5 8. dxc5
Bxc5 9. a3 a5 10. e4 Nf6 11. Nc3 Qxd1 12. Rxd1 Ng4 13. Rd2 O-O 14. h3 Nge5 15.
Nxe5 Nxe5 16. b3 b6 17. Bb2 Ba6 18. Rad1 Ra7 19. Na4 Nc6 20. Nxc5 bxc5 21. Rc1
c4 22. Bf1 c3 23. Rxc3 Bxf1 24. Kxf1 Rd8 25. Rxd8+ Nxd8 26. Rc8 Rd7 27. Bc3 1-0

[Event "Reykjavik Open 2024"]
[Site "Reykjavik ISL"]
[Date "2024.03.17"]
[Round "4.131"]
[White "Kolka, David"]
[Black "Opasiak, Dustin Tennessee"]
[Result "1-0"]
[WhiteElo "2030"]
[BlackElo "1785"]
[WhiteFideId "2308010"]
[BlackFideId "24630217"]
[EventDate "2024.03.15"]

1. Nf3 Nf6 2. g3 g6 3. Bg2 Bg7 4. O-O O-O 5. c4 c5 6. Nc3 d6 7. d4 cxd4 8. Nxd4
a6 9. Bd2 Qc7 10. Rc1 Nc6 11. Nb3 b6 12. Nd5 Qb7 13. Nd4 Nxd5 14. Nxc6 Bxb2 15.
Rc2 Bg7 16. cxd5 Re8 17. Qc1 Bd7 18. Bh6 Bh8 19. Bg5 Kf8 20. Bxe7+ Rxe7 21. Nxe7
Kxe7 22. Rc7 Qb8 23. Qc6 1-0

[Event "Reykjavik Open 2024"]
[Site "Reykjavik ISL"]
[Date "2024.03.17"]
[Round "4.132"]
[White "Potter, Alexander"]
[Black "Petursson, Gudni"]
[Result "0-1"]
[WhiteElo "1782"]
[BlackElo "1983"]
[WhiteFideId "343422594"]
[BlackFideId "2301725"]
[EventDate "2024.03.15"]

1. d4 Nf6 2. c4 g6 3. f3 c5 4. dxc5 Bg7 5. Nc3 O-O 6. e4 Na6 7. Be3 e6 8. a3 Nh5
9. Nge2 f5 10. Qc2 fxe4 11. Nxe4 b6 12. N2c3 bxc5 13. O-O-O Qe7 14. g4 Nf4 15.
Qd2 Be5 16. g5 Nh5 17. Ng3 Nf4 18. h4 Rb8 19. h5 Qg7 20. h6 Qe7 21. Nge2 Nxe2+
22. Bxe2 Qf7 23. Rh4 Rb6 24. f4 Bh8 25. Nb5 d5 26. Qc2 d4 27. Bd2 Bb7 28. Bd3
Nb8 29. Ba5 Ra6 30. Bc7 Bc6 31. Bxb8 Rxb8 32. Nd6 Qe7 33. Bxg6 d3 34. Qxd3 Bxb2+
35. Kd2 Rxa3 36. Bxh7+ Qxh7 37. Qxh7+ Kxh7 38. g6+ Kxg6 39. h7 Bc3+ 40. Ke2 Ra2+
41. Kf1 Bh8 42. Rg4+ Kxh7 43. Ne4 Bxe4 44. Rh4+ Kg6 0-1

[Event "Reykjavik Open 2024"]
[Site "Reykjavik ISL"]
[Date "2024.03.17"]
[Round "4.133"]
[White "Bertola, Georges"]
[Black "Rogge, Marloes"]
[Result "1/2-1/2"]
[WhiteElo "2010"]
[BlackElo "1762"]
[WhiteFideId "1307967"]
[BlackFideId "1066404"]
[EventDate "2024.03.15"]

1. e4 d6 2. d4 Nf6 3. Nc3 e5 4. Nf3 Nbd7 5. Bc4 Be7 6. O-O O-O 7. a4 a5 8. Re1
c6 9. b3 Qc7 10. Bg5 h6 11. Bh4 Re8 12. Bg3 Bf8 13. h3 Rb8 14. Qd2 exd4 15. Qxd4
Ne5 16. Nxe5 1/2-1/2

[Event "Reykjavik Open 2024"]
[Site "Reykjavik ISL"]
[Date "2024.03.17"]
[Round "4.134"]
[White "Tan, Chong Hien Andrew"]
[Black "Heppert, Lars"]
[Result "1/2-1/2"]
[WhiteElo "1762"]
[BlackElo "1981"]
[WhiteFideId "5807794"]
[BlackFideId "24668575"]
[EventDate "2024.03.15"]

1. c4 e6 2. g3 d5 3. Bg2 Nf6 4. Nf3 d4 5. e3 Nc6 6. exd4 Nxd4 7. O-O Be7 8. d3
O-O 9. b3 Nxf3+ 10. Bxf3 Qd4 11. Qc2 Rd8 12. Rd1 Qb6 13. Nc3 c5 14. Bf4 Bd7 15.
Qe2 Bc6 16. h4 Rd7 17. Ne4 Rad8 18. Rab1 a5 19. h5 h6 20. Be5 Ne8 21. Bc3 Qc7
22. a3 b6 23. Bb2 Qb7 24. Bg2 Kh8 25. f3 Qb8 26. Kf2 f5 27. Nc3 Bf6 28. Nb5 e5
29. Bh3 e4 30. Bxf6 exf3 31. Qe6 Nxf6 32. Qxc6 Ng4+ 33. Bxg4 fxg4 34. Qg6 Re7
35. Re1 Rde8 36. Nd6 Re2+ 37. Kf1 R8e6 38. Nf7+ Kg8 39. Nxh6+ Kh8 40. Nf7+ 1/2-1/2

[Event "Reykjavik Open 2024"]
[Site "Reykjavik ISL"]
[Date "2024.03.17"]
[Round "4.135"]
[White "Joensen, Henrik W."]
[Black "Gurner, Jem"]
[Result "0-1"]
[BlackTitle "CM"]
[WhiteElo "1751"]
[BlackElo "1968"]
[WhiteFideId "7203780"]
[BlackFideId "67600280"]
[EventDate "2024.03.15"]

1. e4 c5 2. Nc3 d6 3. f4 g6 4. Nf3 Bg7 5. Bb5+ Bd7 6. Bxd7+ Qxd7 7. d3 Nc6 8.
O-O e6 9. Be3 Nge7 10. a3 O-O 11. Qe1 Rac8 12. Rc1 b5 13. Qh4 b4 14. axb4 Nxb4
15. Ng5 h6 16. Nf3 f5 17. Kh1 c4 18. Ne1 cxd3 19. cxd3 d5 20. e5 Rfe8 21. d4 Rc7
22. Qg3 Rec8 23. Bd2 Rb8 24. h4 Kh7 25. Qe3 Nec6 26. Na4 Na5 27. Rxc7 Qxc7 28.
Nc5 Nc4 29. Qe2 Qe7 30. Bxb4 Qxh4+ 31. Kg1 Rxb4 32. Nxe6 Rxb2 33. Qd3 a5 34. Nc7
Qd8 35. Ne6 Qb6 36. Nc5 Qc6 37. Nf3 Bf8 38. Nb3 a4 39. Nbd2 a3 40. Nb3 Qa4 41.
Nc5 Qb5 42. Kh2 a2 43. Ra1 Rxg2+ 44. Kh3 Qb2 45. Qb3 Qf2 46. Ng5+ hxg5 47. Rh1 0-1

[Event "Reykjavik Open 2024"]
[Site "Reykjavik ISL"]
[Date "2024.03.17"]
[Round "4.136"]
[White "Field, Lila Quinn"]
[Black "He, Junchen"]
[Result "0-1"]
[WhiteElo "1747"]
[BlackElo "1956"]
[WhiteFideId "30941334"]
[BlackFideId "8642427"]
[EventDate "2024.03.15"]

1. e4 e6 2. d4 d5 3. Nc3 Bb4 4. e5 c5 5. Bd2 Ne7 6. a3 Bxc3 7. Bxc3 b6 8. b4 Qc7
9. Bb2 cxd4 10. f4 Nf5 11. Bd3 O-O 12. Qe2 Qe7 13. Nf3 a5 14. b5 Nd7 15. Qf2 Nc5
16. g4 Ne3 17. Rg1 f5 18. exf6 Qxf6 19. Bxd4 Qxf4 20. Bxe3 Qxf3 21. Qxf3 Rxf3
22. Ke2 Rf8 23. Rad1 Na4 24. Bd4 e5 25. Ba1 e4 26. Bxe4 dxe4 27. Rd5 Be6 28. Rg5
Ra7 0-1

[Event "Reykjavik Open 2024"]
[Site "Reykjavik ISL"]
[Date "2024.03.17"]
[Round "4.137"]
[White "Gudmundsson, Gunnar Erik"]
[Black "Von Kistowski, Fynn"]
[Result "1-0"]
[WhiteElo "2009"]
[BlackElo "1746"]
[WhiteFideId "2314339"]
[BlackFideId "1353888"]
[EventDate "2024.03.15"]

1. d4 Nf6 2. c4 c5 3. d5 e6 4. Nc3 exd5 5. cxd5 d6 6. Nf3 g6 7. Nd2 Bg7 8. e4
O-O 9. Be2 a6 10. a4 Nbd7 11. O-O Re8 12. f3 Nh5 13. f4 Bd4+ 14. Kh1 Qh4 15.
Bxh5 Qxh5 16. Qxh5 gxh5 17. Nc4 Bxc3 18. Nxd6 Re7 19. bxc3 Nf6 20. Ba3 Nxe4 21.
Rfe1 f5 22. Nxe4 Rxe4 23. Rxe4 fxe4 24. Bxc5 Bf5 25. Bd4 Rd8 26. c4 Re8 27. Be3
Kf7 28. Rb1 Re7 29. a5 Bg4 30. Rb2 Rc7 31. c5 Bd1 32. Rb6 Ba4 33. Rh6 1-0

[Event "Reykjavik Open 2024"]
[Site "Reykjavik ISL"]
[Date "2024.03.17"]
[Round "4.138"]
[White "Skaslien, Ingrid"]
[Black "Eythorsson, Engilbert Vidar"]
[Result "1-0"]
[WhiteElo "1996"]
[BlackElo "1743"]
[WhiteFideId "1520660"]
[BlackFideId "2321769"]
[EventDate "2024.03.15"]

1. d4 Nf6 2. c4 e6 3. Nf3 b6 4. a3 Bb7 5. Nc3 Be7 6. Qc2 O-O 7. Bf4 d5 8. cxd5
exd5 9. Nb5 Bd6 10. Bxd6 cxd6 11. Nc7 Nc6 12. Nxa8 Qxa8 13. e3 Rc8 14. Qd2 Na5
15. Bd3 Nc4 16. Qe2 a5 17. a4 b5 18. axb5 a4 19. O-O Qa5 20. b3 Qxb5 21. bxc4
dxc4 22. Bc2 Ne4 23. Bxa4 Qh5 24. Qb2 Bd5 25. Bd7 Rd8 26. Qb5 Rf8 27. Ra5 Nf6
28. Bc6 Rc8 29. Bxd5 Nxd5 30. Qb7 Qf5 31. Qxd5 c3 32. Qxf5 Rb8 33. Ra2 Rf8 34.
Rfa1 g6 35. Qd3 c2 36. Qxc2 d5 37. Ra8 h5 38. Qc7 h4 39. Rxf8+ Kxf8 40. Ra7 Kg8
41. Qxf7+ Kh8 42. Qh7# 1-0

[Event "Reykjavik Open 2024"]
[Site "Reykjavik ISL"]
[Date "2024.03.17"]
[Round "4.139"]
[White "Magnussen, Petur Gardar"]
[Black "Zhou, David"]
[Result "0-1"]
[WhiteElo "1727"]
[BlackElo "1954"]
[WhiteFideId "7203802"]
[BlackFideId "2623234"]
[EventDate "2024.03.15"]

1. c4 f5 2. g3 Nf6 3. Bg2 g6 4. Nf3 d6 5. Nc3 Bg7 6. d3 O-O 7. O-O e5 8. Bd2 h6
9. e3 Nc6 10. a3 g5 11. b4 Ne7 12. Qc2 Be6 13. Ne2 Qd7 14. d4 e4 15. Ne1 Bf7 16.
Rc1 Rae8 17. Qb2 Ng6 18. c5 h5 19. Nc2 Bc4 20. Rfe1 Qf7 21. a4 Nd5 22. Nc3 Nxc3
23. Qxc3 d5 24. Na3 Bd3 25. b5 f4 26. a5 fxg3 27. fxg3 h4 28. Qb3 Qf2+ 29. Kh1
Qxd2 30. Qxd5+ Kh7 31. Qxg5 Rf2 32. Rg1 Rxg2 33. Rxg2 Qxc1+ 34. Rg1 Qxa3 35.
gxh4 Re6 36. h5 Be2 37. hxg6+ Kg8 38. h4 Bf3+ 39. Kh2 Qa2+ 40. Kh3 Rf6 41. Ra1
Qxa1 42. Qd5+ Kh8 43. Qd8+ Rf8 0-1

[Event "Reykjavik Open 2024"]
[Site "Reykjavik ISL"]
[Date "2024.03.17"]
[Round "4.140"]
[White "Salzmann, Jan"]
[Black "Arndt, Uwe"]
[Result "0-1"]
[WhiteElo "1722"]
[BlackElo "1951"]
[WhiteFideId "24693634"]
[BlackFideId "24647713"]
[EventDate "2024.03.15"]

1. e4 c6 2. d4 d5 3. e5 c5 4. Nf3 e6 5. Be3 Qb6 6. b3 Nc6 7. Be2 Bd7 8. O-O cxd4
9. Bxd4 Nxd4 10. Qxd4 Qxd4 11. Nxd4 a6 12. Nd2 Bb4 13. N2f3 Bc3 14. Rad1 Ne7 15.
Rd3 Rc8 16. Rfd1 Ng6 17. Re3 Ke7 18. Bd3 Rc5 19. Ne2 Ba5 20. Nfd4 Bb6 21. g3
Rcc8 22. Kg2 Rhe8 23. f4 Kf8 24. h4 Ne7 25. Rf3 Kg8 26. g4 f6 27. exf6 gxf6 28.
g5 fxg5 29. hxg5 e5 30. fxe5 Bxd4 31. Nxd4 Bg4 32. Bxh7+ Kxh7 33. Rh1+ Kg7 34.
Rf4 Bd7 35. e6 Bc6 36. Rfh4 Rh8 37. Rxh8 Rxh8 38. Rxh8 Kxh8 39. Kg3 Be8 40. Kf4
Ng6+ 41. Kf5 Kg7 42. a4 Bc6 43. a5 Be8 44. c3 Bc6 45. b4 Ba4 46. Nf3 Bc2+ 47.
Kg4 Bd1 48. Kg3 Bxf3 49. Kxf3 Kf8 50. Ke3 Ke7 51. Kd4 Kd6 52. c4 dxc4 53. Kxc4
Ne5+ 54. Kd4 Nf3+ 55. Kc4 Nxg5 56. e7 Kxe7 57. b5 Kd6 58. bxa6 bxa6 59. Kb4 Ne4
60. Ka4 Kc5 61. Ka3 Kb5 62. Kb3 Nc5+ 63. Ka3 Kxa5 64. Ka2 Kb4 65. Kb2 Na4+ 66.
Ka2 a5 67. Ka1 Kb3 68. Kb1 Nc3+ 69. Ka1 Nd5 70. Kb1 Nb4 71. Ka1 a4 72. Kb1 a3
73. Ka1 Nc2+ 74. Kb1 0-1

[Event "Reykjavik Open 2024"]
[Site "Reykjavik ISL"]
[Date "2024.03.17"]
[Round "4.141"]
[White "Heer, Stephan"]
[Black "Adlerborn, Elis"]
[Result "1-0"]
[WhiteElo "1987"]
[BlackElo "1719"]
[WhiteFideId "1302345"]
[BlackFideId "1768280"]
[EventDate "2024.03.15"]

1. d4 f5 2. c4 Nf6 3. Nc3 g6 4. Nf3 Bg7 5. Bf4 d6 6. Qb3 O-O 7. e3 a5 8. Be2 c6
9. h4 h6 10. c5+ d5 11. Ne5 Qe8 12. O-O-O Nbd7 13. f3 Nh5 14. Nxd7 Qxd7 15. Bh2
f4 16. e4 e6 17. e5 Qd8 18. Qc2 g5 19. Bd3 Ng3 20. Bxg3 fxg3 21. Rh3 gxh4 22.
Rdh1 a4 23. Rxh4 Qg5+ 24. Kb1 Rxf3 25. gxf3 g2 26. Rg1 Qxh4 27. Qxg2 Qg5 28. Qf2
Qf4 29. Rg4 Qf8 30. Qg3 Bd7 31. Rf4 Qe7 32. Qg6 1-0

[Event "Reykjavik Open 2024"]
[Site "Reykjavik ISL"]
[Date "2024.03.17"]
[Round "4.142"]
[White "Olsen, Rogvi Heinason"]
[Black "Doran, Chris"]
[Result "0-1"]
[WhiteElo "1710"]
[BlackElo "1947"]
[WhiteFideId "7204213"]
[BlackFideId "503835"]
[EventDate "2024.03.15"]

1. d4 Nf6 2. c4 g6 3. Nc3 Bg7 4. e4 d6 5. Nf3 O-O 6. Be2 e5 7. O-O Nc6 8. d5 Ne7
9. b4 Ne8 10. c5 f5 11. Nd2 fxe4 12. Ndxe4 Nf5 13. Bg5 Nf6 14. Rc1 Nd4 15. cxd6
cxd6 16. Qd2 Bf5 17. Nxf6+ Bxf6 18. Be3 a6 19. Bd3 Qd7 20. Bxf5 Qxf5 21. f4 Qh5
22. Rce1 Nf5 23. Nd1 Ne7 24. Rf3 exf4 25. Bxf4 0-1

[Event "Reykjavik Open 2024"]
[Site "Reykjavik ISL"]
[Date "2024.03.17"]
[Round "4.143"]
[White "Liagre, Nicolas Gonzague Henri"]
[Black "Hennig, Konrad"]
[Result "0-1"]
[WhiteElo "1698"]
[BlackElo "1946"]
[WhiteFideId "6002390"]
[BlackFideId "34622519"]
[EventDate "2024.03.15"]

1. e4 c6 2. d4 d5 3. f3 e6 4. Bd3 dxe4 5. fxe4 Qxd4 6. Nf3 Qb6 7. b3 Bc5 8. Bb2
Bf2+ 9. Kf1 Nf6 10. Qe2 Be3 11. Na3 Bc5 12. Nc4 Qc7 13. Be5 Qe7 14. h3 b5 15.
Ne3 Nbd7 16. Bb2 Nh5 17. Kf2 f5 18. exf5 exf5 19. Bxf5 Nf4 20. Qd2 O-O 21. Bd4
Nf6 22. Bxc5 Qxc5 23. Qd4 Bxf5 24. Qxf4 Bxc2 25. Rhc1 Nd5 26. Qe4 Nxe3 27. Qxe3
Qxe3+ 28. Kxe3 Rae8+ 29. Kf2 Be4 30. a4 a6 31. axb5 axb5 32. b4 Re6 33. Rc3 Bd5
34. Re3 Rxe3 35. Kxe3 Re8+ 36. Kd4 Re4+ 37. Kc5 Rc4+ 38. Kd6 Bxf3 39. gxf3 Kf7
40. Re1 Rxb4 41. Kxc6 Rh4 42. Kxb5 Rxh3 43. Re3 g5 44. Kc4 g4 45. Re4 Rxf3 46.
Rxg4 h5 47. Rg1 Kf6 48. Kd4 Kf5 49. Rg8 h4 50. Rg7 Kf4 51. Rf7+ Kg3 52. Rg7+ Kf2
53. Ke4 h3 54. Rh7 Kg2 55. Rh6 Rg3 56. Kf4 h2 57. Rh7 Rg8 0-1

[Event "Reykjavik Open 2024"]
[Site "Reykjavik ISL"]
[Date "2024.03.17"]
[Round "4.144"]
[White "Arun, Rahul"]
[Black "Bugaj, Hanna"]
[Result "0-1"]
[WhiteElo "1693"]
[BlackElo "1920"]
[WhiteFideId "2524210"]
[BlackFideId "21829870"]
[EventDate "2024.03.15"]

1. d4 g6 2. c4 Bg7 3. e4 d6 4. Nc3 c5 5. Be3 cxd4 6. Bxd4 Nf6 7. f3 Nc6 8. Be3
Be6 9. Bd3 O-O 10. Nge2 Ne5 11. b3 Qa5 12. O-O Rfc8 13. Qd2 a6 14. Rfc1 Rab8 15.
Nd4 Nxd3 16. Qxd3 Nd7 17. Nxe6 fxe6 18. Bd4 Bxd4+ 19. Qxd4 b5 20. cxb5 axb5 21.
Rab1 b4 22. Na4 Qa6 23. Qe3 e5 24. Qd2 Qa7+ 25. Kf1 Qd4 26. Rd1 Qxd2 27. Rxd2
Rc6 28. Nb2 Nc5 29. Nc4 Ne6 30. Kg1 Kf7 31. g3 Ra8 32. Rf1 g5 33. Rff2 Nc5 34.
Kg2 h6 35. Rfe2 Rg8 36. h3 Kf6 37. Kh2 Ra8 38. Re1 Raa6 39. Red1 Nb7 40. Ne3 e6
41. Kg2 Ra8 42. Kf2 Rca6 43. Ra1 Nc5 44. Rc1 Rxa2 45. Rxa2 Rxa2+ 46. Rc2 Ra6 47.
Rc4 Nxb3 48. Rxb4 Ra2+ 49. Kg1 Nd4 50. Ng4+ Kg6 51. Nh2 Ne2+ 52. Kf2 Nf4+ 53.
Kg1 Nxh3+ 54. Kh1 Nf2+ 55. Kg1 Nd1 56. Rb6 Rd2 57. Nf1 Rd3 58. Kg2 Kf6 59. g4
Nc3 60. Ng3 Rd2+ 61. Kh3 Ne2 62. Nxe2 Rxe2 63. Rxd6 Ke7 64. Rd1 Ra2 65. Kg3 Ra8
66. Rb1 Rh8 67. Rd1 Kf6 68. Ra1 h5 69. gxh5 Rxh5 70. Ra7 Rh4 71. Ra8 Rh1 72. Kg2
Rb1 73. Rh8 Kg7 74. Rh5 Kg6 75. Rh8 Rb7 76. Rh3 Rg7 77. Rg3 Kf6 78. Rg4 Ke7 79.
Rg3 Kd6 80. Kh3 Kc5 81. Rg1 Kd4 82. Re1 Rf7 83. Kg3 Kd3 84. Ra1 Ke3 85. Ra3+ Ke2
86. Ra5 Rxf3+ 87. Kg2 Rf6 88. Rxe5 Rg6 89. Kg3 Ke3 90. Kg4 Kd4 91. Ra5 Kxe4 92.
Ra4+ Ke5 93. Ra1 Kf6 94. Rf1+ Ke7 95. Re1 Rg8 96. Re4 Kf6 97. Re1 Rd8 98. Re4
Rh8 99. Kg3 Kf5 100. Re3 g4 101. Kg2 e5 102. Re1 Rd8 103. Re2 Rd3 104. Rf2+ Ke4
105. Ra2 Kf4 106. Rf2+ Rf3 107. Ra2 e4 108. Ra8 Rg3+ 109. Kf1 Rb3 110. Rf8+ Kg3
111. Ke2 Rf3 112. Rg8 Kh3 113. Rh8+ Kg2 114. Rh4 Kg3 115. Rh8 e3 116. Ra8 Kh3
117. Ra7 Kh4 118. Rh7+ Kg3 119. Rg7 Rf6 120. Rg8 Re6 121. Rg7 Kh3 122. Rg5 Re8
123. Rh5+ Kg2 124. Rg5 g3 125. Rg6 Kh2 126. Rg4 g2 127. Rh4+ Kg3 128. Rb4 g1=Q
129. Rb1 Qf2+ 130. Kd3 Qd2+ 0-1